Psicología
Збережено в:
| Автори: | , |
|---|---|
| Формат: | Книга |
| Мова: | Іспанська |
| Опубліковано: |
Málaga
R. Alcalá
1935
|
| Серія: | Estudios Pedagógicos modernos, 1
|
| Предмети: | |
| Теги: |
Додати тег
Немає тегів, Будьте першим, хто поставить тег для цього запису!
|
MARC
| LEADER | 00000nam a2200000 a 4500 | ||
|---|---|---|---|
| 001 | UCY5765 | ||
| 003 | CL-VaPUC | ||
| 008 | 950512e19350000SP |||||||||||||||||spa|d | ||
| 082 | 0 | 4 | |a 150 |b PER |2 21 |
| 100 | 0 | |a Pertusa y Périz, Vicente |e author |9 334958 | |
| 700 | 0 | |a Gil Muñiz, Antonio |e author |9 334959 | |
| 245 | 1 | 0 | |a Psicología |
| 300 | |a 600 p | ||
| 942 | |c BK | ||
| 945 | |d 19950512 00:00:00 |a cmena | ||
| 260 | |a Málaga |b R. Alcalá |c 1935 | ||
| 650 | 0 | |a Psicología |9 257863 | |
| 650 | 7 | |a HISTORIA DE LA PSICOLOGIA |2 CL-VaPUC |9 334960 | |
| 650 | 0 | |a Conciencia |9 309452 | |
| 650 | 7 | |a PSICOLOGIA DE LOS PROCESOS SENSORIALES |2 CL-VaPUC |9 334961 | |
| 650 | 7 | |a SENSACION |2 CL-VaPUC |9 334611 | |
| 650 | 0 | |a Percepción |9 266750 | |
| 650 | 0 | |a Imaginación |9 269378 | |
| 650 | 0 | |a Procesos mentales superiores |9 330839 | |
| 650 | 0 | |a Inteligencia |9 267038 | |
| 650 | 7 | |a PSICOLOGIA AFECTIVA |2 CL-VaPUC |9 334962 | |
| 650 | 0 | |a Emociones |9 265224 | |
| 650 | 0 | |a Personalidad |9 307255 | |
| 650 | 0 | |a Psicología social |9 222894 | |
| 650 | 0 | |a Psicología aplicada |9 270762 | |
| 583 | |a last modification |c 19950512 00:00:00 |k Rodrigo Vera | ||
| 490 | 0 | |a Estudios Pedagógicos modernos, 1 | |
| 999 | |c 233385 |d 233383 | ||
| 952 | |0 0 |1 0 |4 0 |6 150_000000000000000_PER_1935 |7 0 |8 P |9 238882 |a BIBEDU |b BIBEDU |c BIBEDU_PB |d 2019-11-18 |h v.1 |i 1502697 |o 150 PER 1935 |p 1502697 |r 2024-01-25 |w 2019-11-18 |y BK |k EDU | ||